[Event "Women's Speed Chess Main"]
[Site "chess.com INT"]
[Date "2021.06.28"]
[Round "2.32"]
[White "Lei, Tingjie"]
[Black "Stefanova, Antoaneta"]
[Result "1-0"]
[WhiteTitle "GM"]
[BlackTitle "GM"]
[WhiteElo "2505"]
[BlackElo "2470"]
[WhiteFideId "8605114"]
[BlackFideId "2902257"]
[EventDate "2021.06.12"]

1. e4 e5 2. Nf3 Nc6 3. Bb5 a6 4. Ba4 Bc5 5. c3 Nge7 6. O-O Ng6 7. d4 Ba7 8. Bg5
f6 9. Be3 O-O 10. Nbd2 exd4 11. Nxd4 Nxd4 12. Bxd4 Bxd4 13. cxd4 d5 14. exd5 Ne7
15. Qf3 Nxd5 16. Bb3 Be6 17. Rfe1 Bf7 18. Ne4 c6 19. Rad1 Qc7 20. Ng3 g6 21. Ne4
Kg7 22. h4 h5 23. g3 Rae8 24. Nc5 a5 25. a3 b6 26. Ne4 f5 27. Ng5 Bg8 28. Rc1
Qd7 29. Re5 Rxe5 30. dxe5 Re8 31. Re1 Re7 32. Qe2 Qe8 33. e6 Qb8 34. Bxd5 cxd5
35. Qd3 Qd6 36. Qd4+ Kf8 37. Qf6+ Ke8 38. Qxg6+ 1-0

[Event "Women's Speed Chess Main"]
[Site "chess.com INT"]
[Date "2021.06.28"]
[Round "2.33"]
[White "Stefanova, Antoaneta"]
[Black "Lei, Tingjie"]
[Result "1/2-1/2"]
[WhiteTitle "GM"]
[BlackTitle "GM"]
[WhiteElo "2470"]
[BlackElo "2505"]
[WhiteFideId "2902257"]
[BlackFideId "8605114"]
[EventDate "2021.06.12"]

1. d4 Nf6 2. Bf4 d5 3. e3 c5 4. c3 e6 5. Nd2 Nc6 6. Ngf3 Be7 7. Ne5 Nd7 8. Bb5
Ndxe5 9. Bxe5 O-O 10. Bg3 a6 11. Bd3 c4 12. Bc2 f5 13. O-O b5 14. f3 b4 15. e4
bxc3 16. bxc3 Qa5 17. Nb1 Rb8 18. Be1 fxe4 19. fxe4 Rxf1+ 20. Kxf1 dxe4 21. Bxe4
Qc7 22. Kg1 Bd6 23. Kh1 Ne7 24. Nd2 Bb7 25. Bxb7 Rxb7 26. Qg4 Nf5 27. d5 Qf7 28.
dxe6 Qxe6 29. Qxc4 Qxc4 30. Nxc4 Bc5 31. Rd1 Re7 32. g4 Nh6 33. h3 Re2 34. a4
Nf7 35. a5 Ng5 36. h4 Nh3 37. Bg3 Rc2 38. Ne5 h6 39. Rd8+ Kh7 40. h5 Ng5 41. Ng6
Nf7 42. Rd3 Ng5 43. Bf4 Kg8 44. Bxg5 hxg5 45. Rd5 Rxc3 46. Rxg5 Bb4 47. Rf5 Rc1+
48. Kg2 Ra1 49. Kf3 Ra3+ 50. Ke4 Rxa5 51. Rf3 Ra4 52. Kd5 Ra5+ 53. Kc6 Rg5 54.
Rf4 a5 55. Kb6 Bc5+ 56. Ka6 Bb4 57. Nh4 Rd5 58. Nf5 Rc5 59. Ne7+ Kh7 60. Nf5
Rc6+ 61. Kb5 Rc5+ 62. Ka4 Re5 63. Rd4 Kg8 64. Rd7 Re4 65. Rxg7+ Kh8 66. Rb7 Rxg4
67. Kb5 Rg5 68. Rf7 Kg8 69. Rf6 Rxh5 70. Ka4 Rg5 71. Ne3 Bc3 72. Rf4 Re5 73.
Rg4+ Kf7 74. Nc4 Re1 75. Nd6+ Ke6 76. Re4+ Rxe4+ 77. Nxe4 Bb4 78. Nc5+ Kd5 79.
Nb3 Kc4 80. Nxa5+ 1/2-1/2

[Event "Women's Speed Chess Main"]
[Site "chess.com INT"]
[Date "2021.06.28"]
[Round "2.34"]
[White "Lei, Tingjie"]
[Black "Stefanova, Antoaneta"]
[Result "1-0"]
[WhiteTitle "GM"]
[BlackTitle "GM"]
[WhiteElo "2505"]
[BlackElo "2470"]
[WhiteFideId "8605114"]
[BlackFideId "2902257"]
[EventDate "2021.06.12"]

1. e4 e5 2. Nf3 Nc6 3. Bb5 a6 4. Ba4 Bc5 5. O-O Nge7 6. c3 Ng6 7. d4 Ba7 8. Bg5
f6 9. Be3 O-O 10. Nbd2 exd4 11. Nxd4 Nce7 12. Qh5 c5 13. N4f3 b5 14. Bc2 d5 15.
e5 f5 16. Bg5 h6 17. Rfe1 Be6 18. Rad1 Qe8 19. Bxe7 Nxe7 20. Qxe8 Rfxe8 21. Nf1
Rad8 22. Ng3 g6 23. h4 Kf7 24. Ne2 Kg7 25. a4 Bg8 26. axb5 axb5 27. Ra1 Bb8 28.
Ra6 b4 29. cxb4 cxb4 30. Ned4 Rc8 31. Bd3 f4 32. h5 gxh5 33. Nh4 Bc7 34. Ndf5+
Nxf5 35. Nxf5+ Kf8 36. Rf6+ Bf7 37. e6 Rxe6 38. Rexe6 Bd8 39. Rxf7+ Kxf7 40.
Nd6+ Kxe6 41. Nxc8 Kd7 42. Bf5+ Kc6 43. b3 Kc5 44. Kf1 Kd4 45. Be6 h4 46. Ke2
Ke4 47. Bf7 Kd4 48. Nd6 Kc5 49. Nf5 Bg5 50. Kd3 Kc6 51. Nd4+ Kc5 52. Nf3 1-0

[Event "Women's Speed Chess Main"]
[Site "chess.com INT"]
[Date "2021.06.28"]
[Round "2.35"]
[White "Stefanova, Antoaneta"]
[Black "Lei, Tingjie"]
[Result "0-1"]
[WhiteTitle "GM"]
[BlackTitle "GM"]
[WhiteElo "2470"]
[BlackElo "2505"]
[WhiteFideId "2902257"]
[BlackFideId "8605114"]
[EventDate "2021.06.12"]

1. d4 Nf6 2. Bf4 d5 3. e3 c5 4. c3 e6 5. Nd2 Nc6 6. Ngf3 Be7 7. h3 Bd6 8. Bxd6
Qxd6 9. Bb5 Bd7 10. O-O O-O 11. Qa4 a6 12. Bxc6 Bxc6 13. Qa3 b6 14. Ne5 Bb7 15.
f4 Rfc8 16. Rae1 Ne8 17. Qb3 f6 18. Nef3 Kh8 19. Qd1 Qd7 20. Rf2 Nd6 21. Kh1 b5
22. g4 Rf8 23. Kh2 Rac8 24. Rg2 b4 25. dxc5 bxc3 26. Nb3 Ne4 27. bxc3 Nxc5 28.
Nfd4 e5 29. fxe5 fxe5 30. Nf5 d4 31. Rd2 Ne4 32. cxd4 Nxd2 33. Qxd2 exd4 34.
exd4 Rfe8 35. Rxe8+ Rxe8 36. Nc5 Qc7+ 37. Kg1 Bd5 38. Qg5 Qf7 39. h4 h6 40. Qf4
Re1+ 41. Kf2 Qe8 42. Ng3 Bc4 43. Nce4 Ra1 44. Kg2 Rxa2+ 45. Kh3 Be6 46. Nd6 Qd7 0-1

[Event "Women's Speed Chess Main"]
[Site "chess.com INT"]
[Date "2021.06.28"]
[Round "2.36"]
[White "Lei, Tingjie"]
[Black "Stefanova, Antoaneta"]
[Result "0-1"]
[WhiteTitle "GM"]
[BlackTitle "GM"]
[WhiteElo "2505"]
[BlackElo "2470"]
[WhiteFideId "8605114"]
[BlackFideId "2902257"]
[EventDate "2021.06.12"]

1. e4 e5 2. Nf3 Nc6 3. Bb5 a6 4. Ba4 Nf6 5. O-O Bc5 6. c3 O-O 7. d4 Ba7 8. Re1
b5 9. Bc2 d6 10. h3 h6 11. Be3 Re8 12. Nbd2 Nh7 13. a4 Bb7 14. axb5 axb5 15. d5
Bxe3 16. dxc6 Rxa1 17. Qxa1 Bxd2 18. Nxd2 Bxc6 19. Nf3 Nf6 20. Qa2 Qb8 21. Bb3
Rf8 22. Nd2 Qb7 23. Qb1 Nd7 24. Qd1 Nc5 25. Bc2 Kh8 26. b4 Ne6 27. Qg4 Qc8 28.
Qf3 Ng5 29. Qg3 Qd7 30. Nf1 Ra8 31. h4 Ne6 32. Ne3 Qe7 33. Nf5 Qf6 34. Bb3 Nf4
35. Qe3 Bd7 36. Ng3 Ra3 37. Rb1 Be6 38. Bxe6 fxe6 39. Ne2 Qxh4 40. Nxf4 Qxf4 41.
Qe2 Rxc3 42. Qxb5 Qxe4 43. Ra1 Qg6 44. Qb8+ Kh7 45. Qd8 Qg5 46. Qe8 Rc1+ 47.
Rxc1 Qxc1+ 48. Kh2 Qc4 49. Qf7 Qf4+ 0-1

[Event "Women's Speed Chess Main"]
[Site "chess.com INT"]
[Date "2021.06.28"]
[Round "2.37"]
[White "Stefanova, Antoaneta"]
[Black "Lei, Tingjie"]
[Result "0-1"]
[WhiteTitle "GM"]
[BlackTitle "GM"]
[WhiteElo "2470"]
[BlackElo "2505"]
[WhiteFideId "2902257"]
[BlackFideId "8605114"]
[EventDate "2021.06.12"]

1. d4 d5 2. Bf4 Nf6 3. e3 c5 4. c3 e6 5. Nd2 Nc6 6. Ngf3 Be7 7. Ne5 Nd7 8. Nd3
b6 9. Bg3 O-O 10. f4 c4 11. Nf2 b5 12. e4 b4 13. Be2 Qa5 14. Qc2 Rb8 15. a4 bxa3
16. bxa3 Ba6 17. O-O Rb7 18. e5 Rfb8 19. Ra2 Nb6 20. f5 exf5 21. Nd1 g6 22. Ne3
Na4 23. Nxf5 Qxc3 24. Nh6+ Kg7 25. Rxf7+ Kxh6 26. Bf4+ Bg5 27. Bxg5+ Kxg5 28.
Nf3+ Kh6 29. Qxa4 Qe3+ 30. Kf1 Rb1+ 31. Bd1 c3+ 32. Qxa6 Rxd1+ 33. Ne1 Rxe1# 0-1

[Event "Women's Speed Chess Main"]
[Site "chess.com INT"]
[Date "2021.07.01"]
[Round "3.11"]
[White "Harika, Dronavalli"]
[Black "Lagno, Kateryna"]
[Result "1-0"]
[WhiteTitle "GM"]
[BlackTitle "GM"]
[WhiteElo "2515"]
[BlackElo "2558"]
[WhiteFideId "5015197"]
[BlackFideId "14109336"]
[EventDate "2021.06.12"]

1. e4 e5 2. Nf3 Nc6 3. Nc3 Nf6 4. a4 a6 5. Bc4 Bc5 6. O-O O-O 7. d3 h6 8. h3 d6
9. Ne2 Ne7 10. Ng3 Ng6 11. c3 Ba7 12. Bb3 b5 13. d4 c5 14. Bc2 cxd4 15. cxd4 Bd7
16. Be3 b4 17. Re1 a5 18. Bb3 Rc8 19. Qd2 Bc6 20. Bxh6 Nh7 21. Be3 Qf6 22. Rad1
Rfd8 23. Ng5 exd4 24. Nxh7 Kxh7 25. Bg5 Qe5 26. Bxd8 Rxd8 27. Bd5 Bxa4 28. b3
Bd7 29. Ne2 a4 30. bxa4 Bc5 31. Nxd4 Bxa4 32. Nf3 Qc3 33. Ng5+ Kg8 34. Bxf7+ Kf8
35. Bxg6 Bxd1 36. Qf4+ Qf6 37. Nh7+ 1-0

[Event "Women's Speed Chess Main"]
[Site "chess.com INT"]
[Date "2021.07.01"]
[Round "3.12"]
[White "Lagno, Kateryna"]
[Black "Harika, Dronavalli"]
[Result "1/2-1/2"]
[WhiteTitle "GM"]
[BlackTitle "GM"]
[WhiteElo "2558"]
[BlackElo "2515"]
[WhiteFideId "14109336"]
[BlackFideId "5015197"]
[EventDate "2021.06.12"]

1. e4 d6 2. d4 g6 3. Nc3 Bg7 4. Be3 a6 5. Nf3 Nf6 6. Qd2 O-O 7. Bd3 Nc6 8. h3 e5
9. d5 Ne7 10. Ne2 Nd7 11. g4 Nc5 12. Rg1 Nxd3+ 13. Qxd3 c6 14. Nc3 cxd5 15. Nxd5
Nxd5 16. Qxd5 Be6 17. Qd3 d5 18. Ng5 d4 19. Nxe6 fxe6 20. Bd2 b5 21. a4 Qd7 22.
axb5 axb5 23. Ke2 Rfc8 24. h4 Qc6 25. Rxa8 Rxa8 26. h5 Rc8 27. Rc1 Rf8 28. Ra1
Rc8 29. Kd1 Rf8 30. h6 Bf6 31. Ra7 Rf7 32. Ra5 Be7 33. f3 Qc4 34. Rxb5 Qxd3 35.
cxd3 Rxf3 36. Rb8+ Kf7 37. Ke2 Rg3 38. Rh8 Rg2+ 39. Kd1 Rg1+ 40. Kc2 Rg2 41.
Rxh7+ Kf8 42. Kd1 Rg1+ 43. Ke2 Rg2+ 44. Kd1 Rg1+ 45. Kc2 Rg2 46. Rh8+ Kf7 47. h7
Rh2 48. Kc1 Rh1+ 49. Kc2 Rh2 50. Kd1 Rh1+ 51. Ke2 Rh2+ 52. Kd1 Rh1+ 53. Kc2 Rh2 1/2-1/2

[Event "Women's Speed Chess Main"]
[Site "chess.com INT"]
[Date "2021.07.01"]
[Round "3.13"]
[White "Harika, Dronavalli"]
[Black "Lagno, Kateryna"]
[Result "1/2-1/2"]
[WhiteTitle "GM"]
[BlackTitle "GM"]
[WhiteElo "2515"]
[BlackElo "2558"]
[WhiteFideId "5015197"]
[BlackFideId "14109336"]
[EventDate "2021.06.12"]

1. e4 c5 2. Nf3 e6 3. g3 Nf6 4. e5 Nd5 5. Bg2 Nc6 6. O-O d6 7. exd6 Bxd6 8. d4
O-O 9. c3 h6 10. Re1 cxd4 11. Nxd4 Bd7 12. c4 Nde7 13. Nb5 Bc5 14. N1c3 a6 15.
Nd6 Qc7 16. Nde4 Bd4 17. Bf4 e5 18. Be3 Bxe3 19. Rxe3 Nd4 20. Nd5 Nxd5 21. cxd5
Rac8 22. Nc3 Qb6 23. Rb1 Bf5 24. Be4 Bxe4 25. Rxe4 f6 26. Kg2 Rfd8 27. Qd3 Nf5
28. Rg4 Ne7 29. a3 a5 30. Rc4 Qd6 31. Rxc8 Rxc8 32. Rd1 Rd8 33. Qc4 Kh8 34. Rd2
f5 35. Qb5 b6 36. Rd1 e4 37. h4 Ng6 38. Qc6 Ne5 39. Qxd6 Rxd6 40. Rd4 g5 41. Nb5
Rd7 42. d6 Kg7 43. Rd5 Kf6 44. Nc7 Nc4 45. Ne8+ Kf7 46. b3 Nxa3 47. Nc7 Kf6 48.
hxg5+ hxg5 49. g4 f4 50. Rf5+ Kg6 51. Rd5 Nc2 52. Na8 Nb4 53. Nxb6 Nxd5 54. Nxd7
Kf7 55. Nc5 e3 56. fxe3 Nxe3+ 57. Kf3 Nd5 58. Nb7 Ke6 59. Nxa5 Kxd6 60. Nc4+ Ke6
61. Nd2 Nc3 62. b4 Nb5 63. Ne4 Nd4+ 64. Kf2 Nc2 65. Nxg5+ Ke5 66. Nf3+ Ke4 67.
b5 Nb4 68. g5 Nd5 69. g6 Nf6 70. g7 Kd5 71. Ng5 Kd6 72. Kf3 Kc7 73. Kxf4 Nh5+
74. Ke5 Nxg7 75. Ne6+ Kb6 76. Nxg7 Kxb5 1/2-1/2

[Event "Women's Speed Chess Main"]
[Site "chess.com INT"]
[Date "2021.07.01"]
[Round "3.14"]
[White "Lagno, Kateryna"]
[Black "Harika, Dronavalli"]
[Result "1-0"]
[WhiteTitle "GM"]
[BlackTitle "GM"]
[WhiteElo "2558"]
[BlackElo "2515"]
[WhiteFideId "14109336"]
[BlackFideId "5015197"]
[EventDate "2021.06.12"]

1. e4 d6 2. d4 g6 3. Nc3 Bg7 4. Be3 a6 5. Nf3 Nf6 6. Qd2 O-O 7. h3 b5 8. Bd3 Nc6
9. a4 b4 10. Ne2 a5 11. c3 Rb8 12. Ng3 e5 13. d5 Ne7 14. c4 c5 15. dxc6 Nxc6 16.
b3 Nd7 17. Rd1 Re8 18. Bc2 Bf8 19. Bh6 Bxh6 20. Qxh6 Nf8 21. c5 Re6 22. Bd3 dxc5
23. Bc4 Rd6 24. Rxd6 Qxd6 25. Nh5 Ne6 26. Nf6+ 1-0

[Event "Women's Speed Chess Main"]
[Site "chess.com INT"]
[Date "2021.07.01"]
[Round "3.15"]
[White "Harika, Dronavalli"]
[Black "Lagno, Kateryna"]
[Result "1-0"]
[WhiteTitle "GM"]
[BlackTitle "GM"]
[WhiteElo "2515"]
[BlackElo "2558"]
[WhiteFideId "5015197"]
[BlackFideId "14109336"]
[EventDate "2021.06.12"]

1. e4 c5 2. Nf3 e6 3. g3 d5 4. exd5 exd5 5. Bg2 Nf6 6. O-O Be7 7. d4 O-O 8. dxc5
Bxc5 9. Nbd2 h6 10. Nb3 Bb6 11. Nbd4 Nc6 12. h3 Re8 13. c3 Ne4 14. Qd3 Qf6 15.
Be3 Ne7 16. Rae1 Bd7 17. Nc2 Nf5 18. Bxb6 Qxb6 19. Qxd5 Nf6 20. Qb3 Qc7 21. Ncd4
Nxg3 22. fxg3 Qxg3 23. Ne2 Qc7 24. Nfd4 Qc5 25. Rxf6 gxf6 26. Qxb7 Rad8 27. Qf3
Bb5 28. Kh1 Bc4 29. Rg1 Kf8 30. Qxf6 Bxe2 31. Qxh6+ Ke7 32. Nxe2 Rh8 33. Qf4
Rdg8 34. Nd4 Rh5 35. Re1+ Kf8 36. Ne6+ 1-0

[Event "Women's Speed Chess Main"]
[Site "chess.com INT"]
[Date "2021.07.01"]
[Round "3.16"]
[White "Lagno, Kateryna"]
[Black "Harika, Dronavalli"]
[Result "1-0"]
[WhiteTitle "GM"]
[BlackTitle "GM"]
[WhiteElo "2558"]
[BlackElo "2515"]
[WhiteFideId "14109336"]
[BlackFideId "5015197"]
[EventDate "2021.06.12"]

1. e4 c6 2. Nc3 d5 3. Nf3 Bg4 4. h3 Bxf3 5. Qxf3 e6 6. d4 Nf6 7. a3 dxe4 8. Qe3
Qa5 9. Bd2 Bb4 10. Nxe4 Bxd2+ 11. Nxd2 Nbd7 12. Bd3 O-O 13. O-O e5 14. Nc4 exd4
15. Nxa5 dxe3 16. Nxb7 Rab8 17. Na5 exf2+ 18. Rxf2 Ne5 19. b4 c5 20. bxc5 Rfc8
21. Rf5 Rxc5 22. Rxe5 Rxe5 23. Nc6 Ree8 24. Nxb8 Rxb8 25. Re1 Kf8 26. Re5 Rb7
27. Kf2 Nd7 28. Ra5 Rc7 29. Ke3 Nc5 30. Be2 Ke7 31. Rb5 g6 32. Rb8 f5 33. Bf3
Kd6 34. Rd8+ Rd7 35. Rh8 Re7+ 36. Kd2 Ne6 37. Kd3 Ng5 38. Ba8 Nf7 39. Rb8 Rc7
40. Rb5 Ne5+ 41. Kd4 Rc4+ 42. Ke3 Rxc2 43. Ra5 Rc7 44. Kf4 Nf7 45. Bd5 Ne5 46.
Kg5 Rc5 47. Rxc5 Kxc5 48. Bg8 f4 49. Bxh7 f3 50. gxf3 Nxf3+ 51. Kxg6 Kd4 52. Kf5
a5 53. Bg8 Ke3 54. a4 Kf2 55. Bd5 Nd4+ 56. Kg4 Ne2 57. h4 Nc3 58. Bc6 Ke3 59. h5
Nd1 60. h6 Nf2+ 61. Kh4 Nd3 62. h7 Ne5 63. Be8 Kf4 64. h8=Q 1-0

[Event "Women's Speed Chess Main"]
[Site "chess.com INT"]
[Date "2021.07.01"]
[Round "3.17"]
[White "Harika, Dronavalli"]
[Black "Lagno, Kateryna"]
[Result "1/2-1/2"]
[WhiteTitle "GM"]
[BlackTitle "GM"]
[WhiteElo "2515"]
[BlackElo "2558"]
[WhiteFideId "5015197"]
[BlackFideId "14109336"]
[EventDate "2021.06.12"]

1. e4 c5 2. Nf3 e6 3. d4 cxd4 4. Nxd4 Nf6 5. Nc3 Nc6 6. Nb3 Bb4 7. Bd2 d5 8.
exd5 exd5 9. Bd3 Bg4 10. Ne2 O-O 11. O-O Re8 12. f3 Qb6+ 13. Kh1 Bd7 14. Bxb4
Nxb4 15. Ned4 a5 16. a4 Nh5 17. Qd2 Qf6 18. Bb5 Bxb5 19. axb5 Qf4 20. Qxf4 Nxf4
21. Nxa5 b6 22. Nac6 Nxc6 23. bxc6 Ne6 24. Nb5 Kf8 25. f4 g6 26. Kg1 Rxa1 27.
Rxa1 Rc8 28. Na7 Rc7 29. g3 Nd4 30. c3 Nxc6 31. Nxc6 Rxc6 32. Ra7 d4 33. cxd4
Rc1+ 34. Kf2 Rc2+ 35. Ke3 Rxb2 36. Rb7 Rxh2 37. Rxb6 Rg2 38. Kf3 Rd2 39. Ke3 Rg2
40. Kf3 Rd2 41. Ke4 Ke7 42. g4 h6 43. f5 gxf5+ 44. gxf5 Re2+ 45. Kd5 Rf2 46.
Rxh6 Rxf5+ 47. Kc6 Rf1 48. Rh5 Rc1+ 49. Rc5 Rd1 50. d5 f5 51. Rc2 Kf6 52. d6 f4
53. d7 Ke5 54. Re2+ Kf5 55. Rc2 f3 56. Kc7 Ke4 57. Rc6 Rxd7+ 58. Kxd7 f2 59. Rf6
Ke3 60. Ke6 Ke2 61. Ke5 f1=Q 62. Rxf1 Kxf1 1/2-1/2

[Event "Women's Speed Chess Main"]
[Site "chess.com INT"]
[Date "2021.07.01"]
[Round "3.21"]
[White "Lagno, Kateryna"]
[Black "Harika, Dronavalli"]
[Result "1-0"]
[WhiteTitle "GM"]
[BlackTitle "GM"]
[WhiteElo "2558"]
[BlackElo "2515"]
[WhiteFideId "14109336"]
[BlackFideId "5015197"]
[EventDate "2021.06.12"]

1. e4 Nf6 2. e5 Nd5 3. d4 d6 4. Nf3 g6 5. Bc4 Nb6 6. Bb3 Bg7 7. Ng5 e6 8. Qf3
Qe7 9. Ne4 dxe5 10. Bg5 Qb4+ 11. c3 Qa5 12. Bf6 O-O 13. h4 exd4 14. g4 N8d7 15.
h5 Nxf6 16. Nxf6+ Bxf6 17. Qxf6 Nd7 18. Qxd4 Qe5+ 19. Kf1 c5 20. Qd2 Qe4 21. Rg1
Ne5 22. Qg5 Nf3 23. Qf6 Qe1+ 24. Kg2 Qxg1+ 25. Kxf3 Qh1+ 26. Ke3 Qe1+ 27. Kf3
Qh1+ 28. Ke3 Qh3+ 29. f3 c4 30. Bxc4 e5 31. hxg6 hxg6 32. Qxg6+ Kh8 33. Qf6+ Kh7
34. Bd3+ Kg8 35. Nd2 Bxg4 36. Qg5+ Kh8 37. Qf6+ Kg8 38. Rg1 1-0

[Event "Women's Speed Chess Main"]
[Site "chess.com INT"]
[Date "2021.07.01"]
[Round "3.22"]
[White "Harika, Dronavalli"]
[Black "Lagno, Kateryna"]
[Result "1/2-1/2"]
[WhiteTitle "GM"]
[BlackTitle "GM"]
[WhiteElo "2515"]
[BlackElo "2558"]
[WhiteFideId "5015197"]
[BlackFideId "14109336"]
[EventDate "2021.06.12"]

1. e4 c5 2. Nf3 e6 3. g3 d5 4. exd5 exd5 5. Bg2 Nf6 6. O-O Be7 7. d4 O-O 8. dxc5
Bxc5 9. Nc3 h6 10. a3 Nc6 11. b4 Be7 12. Bb2 Bf5 13. Ne2 Rc8 14. Ned4 Nxd4 15.
Nxd4 Be4 16. Re1 a5 17. c3 Re8 18. Rc1 Bf8 19. h3 Qd7 20. Kh2 a4 21. f3 Bg6 22.
Qd2 Bd6 23. Rxe8+ Rxe8 24. Re1 Nh5 25. Rxe8+ Qxe8 26. f4 Be4 27. Qe2 Nf6 28. c4
Bxg2 29. Kxg2 dxc4 30. Qxe8+ Nxe8 31. Nb5 Be7 32. Nc3 Bf6 33. Nxa4 Bxb2 34. Nxb2
c3 35. Nd3 Nd6 36. Kf3 Nc4 37. a4 Nb2 38. Ke2 Nxa4 39. Nc5 Nxc5 40. bxc5 Kf8 41.
Kd3 Ke7 42. Kxc3 Kd7 43. g4 Kc6 44. Kc4 g5 45. f5 f6 46. Kd4 Kc7 47. Kd5 Kd7 48.
Kc4 Kc6 49. Kd4 Kc7 50. Kd5 Kd7 51. Kd4 Kc7 1/2-1/2

[Event "Women's Speed Chess Main"]
[Site "chess.com INT"]
[Date "2021.07.01"]
[Round "3.23"]
[White "Lagno, Kateryna"]
[Black "Harika, Dronavalli"]
[Result "0-1"]
[WhiteTitle "GM"]
[BlackTitle "GM"]
[WhiteElo "2558"]
[BlackElo "2515"]
[WhiteFideId "14109336"]
[BlackFideId "5015197"]
[EventDate "2021.06.12"]

1. e4 Nf6 2. e5 Nd5 3. d4 d6 4. Nf3 g6 5. Bc4 Nb6 6. Bb3 Bg7 7. Ng5 e6 8. Qf3
Qe7 9. Ne4 dxe5 10. Bg5 Qb4+ 11. c3 Qa5 12. Nf6+ Kf8 13. h4 exd4 14. Nd2 h6 15.
Nde4 hxg5 16. O-O-O Qf5 17. hxg5 Qxf3 18. gxf3 N8d7 19. cxd4 Nd5 20. Nxd5 exd5
21. Bxd5 Rxh1 22. Rxh1 c6 23. Bb3 Nb6 24. Nd6 Nd5 25. Re1 Be6 26. Nxb7 Bxd4 27.
Re4 Bxf2 28. Ba4 c5 29. Nd6 Rd8 30. Nb7 Rb8 31. Nd6 Be3+ 32. Kc2 Bf4 33. Bc6
Bxd6 0-1

[Event "Women's Speed Chess Main"]
[Site "chess.com INT"]
[Date "2021.07.01"]
[Round "3.24"]
[White "Harika, Dronavalli"]
[Black "Lagno, Kateryna"]
[Result "1/2-1/2"]
[WhiteTitle "GM"]
[BlackTitle "GM"]
[WhiteElo "2515"]
[BlackElo "2558"]
[WhiteFideId "5015197"]
[BlackFideId "14109336"]
[EventDate "2021.06.12"]

1. d4 Nf6 2. Nf3 g6 3. Nbd2 Bg7 4. e4 d6 5. Bd3 O-O 6. O-O c5 7. c3 cxd4 8. cxd4
e5 9. Nc4 d5 10. dxe5 Nxe4 11. Bxe4 dxe4 12. Qxd8 Rxd8 13. Ng5 Be6 14. Nxe6 fxe6
15. Bg5 Rd4 16. b3 Nc6 17. Be3 Rd5 18. Rac1 Nxe5 19. Nxe5 Bxe5 20. Rc4 a6 21.
Rxe4 Kf7 22. Re1 Rc8 23. g3 Rc6 24. Bf4 Bf6 25. R1e2 Rd1+ 26. Kg2 Rd5 27. h4 h5
28. R4e3 Rd7 29. Re4 Rd5 30. R4e3 Rd7 31. Rf3 Kg7 32. Bh6+ Kxh6 33. Rxf6 Re7 34.
Rf4 Kg7 35. Rfe4 Kf7 36. Rf4+ Kg7 37. Rfe4 Kf7 38. Rf4+ Kg7 1/2-1/2

[Event "Women's Speed Chess Main"]
[Site "chess.com INT"]
[Date "2021.07.01"]
[Round "3.25"]
[White "Lagno, Kateryna"]
[Black "Harika, Dronavalli"]
[Result "1/2-1/2"]
[WhiteTitle "GM"]
[BlackTitle "GM"]
[WhiteElo "2558"]
[BlackElo "2515"]
[WhiteFideId "14109336"]
[BlackFideId "5015197"]
[EventDate "2021.06.12"]

1. e4 Nf6 2. e5 Nd5 3. d4 d6 4. c4 Nb6 5. exd6 cxd6 6. Nf3 g6 7. Nc3 Bg7 8. Be3
O-O 9. Rc1 Bg4 10. b3 Nc6 11. Be2 e5 12. dxe5 dxe5 13. O-O Qe7 14. Nd5 Nxd5 15.
cxd5 Bxf3 16. dxc6 Bxc6 17. b4 Rfd8 18. Qb3 a6 19. a4 Rd7 20. b5 axb5 21. axb5
Bd5 22. Qb1 h6 23. Rfd1 Kh7 24. Bf1 f5 25. Rd2 f4 26. Bc5 Qe6 27. Rcd1 e4 28.
Qb4 Rad8 29. h3 h5 30. b6 Bc6 31. Rxd7 Rxd7 32. Rxd7 Qxd7 33. Bd6 Qe6 34. Bxf4
Qd5 35. Qe7 Qf5 36. Be3 Qe5 37. Qc7 Qd5 38. h4 Qe5 39. g3 Qd5 40. Bh3 Qd1+ 41.
Kh2 Qd5 42. Bc8 Kh8 43. Qe7 Qe5 44. Qd8+ Kh7 45. Bh3 Qd5 46. Qc7 Kh8 47. Kg1 Kg8
48. Bf1 Kh7 49. Kh2 Qf5 50. Bh3 Qe5 51. Qd8 Qd5 52. Qe7 Qe5 53. Qf7 Qf6 54. Qc7
Qe5 55. Qf7 Qf6 56. Qc7 Qe5 1/2-1/2

[Event "Women's Speed Chess Main"]
[Site "chess.com INT"]
[Date "2021.07.01"]
[Round "3.26"]
[White "Harika, Dronavalli"]
[Black "Lagno, Kateryna"]
[Result "0-1"]
[WhiteTitle "GM"]
[BlackTitle "GM"]
[WhiteElo "2515"]
[BlackElo "2558"]
[WhiteFideId "5015197"]
[BlackFideId "14109336"]
[EventDate "2021.06.12"]

1. Nf3 Nf6 2. g3 g6 3. Bg2 Bg7 4. O-O O-O 5. b3 c5 6. Bb2 d5 7. c4 Nc6 8. e3 Bf5
9. d4 cxd4 10. Nxd4 Nxd4 11. Bxd4 dxc4 12. Bxb7 Rb8 13. Bg2 cxb3 14. axb3 a5 15.
Nd2 h5 16. Nc4 Rb5 17. Ne5 Be4 18. Nc6 Qd6 19. Bxe4 Nxe4 20. Bxg7 Kxg7 21. Qxd6
exd6 22. Nxa5 Ra8 23. Kg2 Raxa5 24. Rxa5 Rxa5 0-1

[Event "Women's Speed Chess Main"]
[Site "chess.com INT"]
[Date "2021.07.01"]
[Round "3.27"]
[White "Lagno, Kateryna"]
[Black "Harika, Dronavalli"]
[Result "0-1"]
[WhiteTitle "GM"]
[BlackTitle "GM"]
[WhiteElo "2558"]
[BlackElo "2515"]
[WhiteFideId "14109336"]
[BlackFideId "5015197"]
[EventDate "2021.06.12"]

1. e4 Nf6 2. e5 Nd5 3. d4 d6 4. c4 Nb6 5. exd6 cxd6 6. Be3 g6 7. Nc3 Bg7 8. Rc1
O-O 9. Nf3 Bg4 10. b3 Nc6 11. Be2 e5 12. dxe5 dxe5 13. O-O Re8 14. h3 Bxf3 15.
Bxf3 f5 16. Qxd8 Raxd8 17. Rfd1 e4 18. Be2 Rxd1+ 19. Nxd1 Be5 20. c5 Nd7 21.
Bc4+ Kg7 22. g3 Rd8 23. Nc3 Bd4 24. Bxd4+ Nxd4 25. b4 Ne5 26. Bd5 Rxd5 0-1

[Event "Women's Speed Chess Main"]
[Site "chess.com INT"]
[Date "2021.07.01"]
[Round "3.28"]
[White "Harika, Dronavalli"]
[Black "Lagno, Kateryna"]
[Result "1-0"]
[WhiteTitle "GM"]
[BlackTitle "GM"]
[WhiteElo "2515"]
[BlackElo "2558"]
[WhiteFideId "5015197"]
[BlackFideId "14109336"]
[EventDate "2021.06.12"]

1. Nf3 Nf6 2. g3 g6 3. b3 Bg7 4. Bb2 d6 5. d4 c5 6. Bg2 cxd4 7. Nxd4 h5 8. h4 d5
9. O-O O-O 10. Na3 Nc6 11. c4 Nxd4 12. Bxd4 Qa5 13. Qc1 Bg4 14. cxd5 Bxe2 15.
Re1 Rac8 16. Qb2 Bg4 17. d6 Rfe8 18. Nc4 Qa6 19. dxe7 b5 20. Ne3 Rxe7 21. Nd5
Rxe1+ 22. Rxe1 Nxd5 23. Bxg7 Be6 24. Bh8 f6 25. Bxf6 Rf8 26. Bh8 Rf7 27. Bd4 Qd6
28. Qe2 Bd7 29. Be5 Qe6 30. Qd2 Bc6 31. Bb2 Qf5 32. Qd4 1-0